000 00471nam a2200169Ia 4500
008 240729s9999 xx 000 0 und d
022 _a2535-1877
245 0 _aSVU-International Journal of Veterinary Sciences
260 _aEgypt
260 _bSouth Valley University
650 _a Animal culture
650 _a Veterinary medicine
650 _aAgriculture
856 _uhttps://doaj.org/toc/2d6ab5ec967c4e83a9f9407b319611f8
942 _2ddc
942 _cDOAJEJ
999 _c69591
_d69591
945 _a1
_bMadushi Gamage
_c1
_dMadushi Gamage